000 00490nam a2200217Ia 4500
999 _c136
_d136
003 0100
008 130227s9999 xx 000 0 und d
040 _cARRUPELIB
050 _aDT431.O4
100 _aOldham, Joseph Houldsworth
_930638
245 _aNew hope in Africa
260 _bLongmans, Green
_aLondon
_c1955
300 _a102p
300 _b 21cm
650 _bAfrica, British East
_x Politics
_930639
650 _aAfrica, Central
_xPolitics
_930640
650 _aCapricorn Africa Society
_930641
942 _2lcc
_cMONOGRAPH